Flags with zoom-in - Statistics

General Stats
  • This quiz has been taken 38 times
  • The average score is 13 of 16
Answer Stats
Picture Answer % Correct
Israel
97%
Brazil
94%
Kosovo
94%
Bosnia and Herzegovina
91%
Sri Lanka
91%
Azerbaijan
88%
Guatemala
88%
Antigua and Barbuda
84%
Democratic Republic of the Congo
84%
Djibouti
84%
Belarus
81%
Iraq
81%
Iran
78%
Saint Kitts and Nevis
78%
Kiribati
72%
Dominica
63%
No matching quizzes found
Score Distribution
Percent of People with Each Score
Percentile by Number Answered
Your Score History
You have not taken this quiz